000
00285nmm a2200097Ia 4500
008
220120s9999||||xx |||||||||||||||||und||
020
_a
978-0-07-060092-8
100
_a
VTU Jnana Sangama
245
0
_a
VTU 1st year CBCS scheme 3DM E-content student module
260
_a
VTU press
_b
New Delhi
999
_c
140002
_d
140002